|
|
|
|
| LEADER |
02305nam a2200541 a 4500 |
| 001 |
nkc20071751849 |
| 003 |
CZ PrNK |
| 005 |
20080514083024.0 |
| 007 |
ta |
| 008 |
070917s2007 xr a e p 000 0 cze |
| 015 |
|
|
|a cnb001751849
|
| 020 |
|
|
|a 978-80-210-4361-9
|q (brož.)
|
| 035 |
|
|
|a (OCoLC)228668723
|
| 040 |
|
|
|a BOA001
|b cze
|d ABA001
|
| 072 |
|
7 |
|a 796
|x Sport. Hry. Tělesná cvičení
|2 Konspekt
|9 20
|
| 072 |
|
7 |
|a 37.016
|x Učební osnovy. Vyučovací předměty. Učebnice
|2 Konspekt
|9 22
|
| 080 |
|
|
|a 796.5
|2 MRF
|
| 080 |
|
|
|a 796/799-026.91
|2 MRF
|
| 080 |
|
|
|a 613.71/.73
|2 MRF
|
| 080 |
|
|
|a (075.8)
|2 MRF
|
| 245 |
0 |
0 |
|a Aktivní formy cestovního ruchu /
|c kolektiv [Pavel Korvas (vedoucí kolektivu) ... [et al.]
|
| 250 |
|
|
|a 1. vyd.
|
| 260 |
|
|
|a Brno :
|b Masarykova univerzita,
|c 2007
|
| 300 |
|
|
|a 149 s. :
|b il. (některé barev.) ;
|c 30 cm
|
| 500 |
|
|
|a Nad názvem: Masarykova univerzita, Fakulta sportovních studií
|
| 500 |
|
|
|a 400 výt.
|
| 504 |
|
|
|a Obsahuje bibliografie a bibliografické odkazy
|
| 650 |
0 |
7 |
|a turistika
|7 ph116506
|2 czenas
|
| 650 |
0 |
7 |
|a rekreace v přírodě
|7 ph135340
|2 czenas
|
| 650 |
0 |
7 |
|a sporty v přírodě
|7 ph125962
|2 czenas
|
| 650 |
0 |
7 |
|a pohybová aktivita
|7 ph124199
|2 czenas
|
| 650 |
0 |
9 |
|a hiking
|2 eczenas
|
| 650 |
0 |
9 |
|a outdoor recreation
|2 eczenas
|
| 650 |
0 |
9 |
|a outdoor sports
|2 eczenas
|
| 650 |
0 |
9 |
|a movement activity
|2 eczenas
|
| 655 |
|
7 |
|a učebnice vysokých škol
|7 fd133772
|2 czenas
|
| 655 |
|
9 |
|a textbooks (higher)
|2 eczenas
|
| 700 |
1 |
|
|a Korvas, Pavel,
|d 1956-
|7 mzk2004261307
|4 aut
|
| 710 |
2 |
|
|a Masarykova univerzita.
|b Fakulta sportovních studií
|7 mzk2003198592
|
| 856 |
4 |
1 |
|u http://www.digitalniknihovna.cz/mzk/uuid/uuid:5ff00500-ad5d-11e9-9209-005056827e51
|y Digitalizovaný dokument
|x NDK
|
| 910 |
2 |
|
|a BOA001
|b 3-1196.105
|
| 990 |
|
|
|a BK
|
| 995 |
|
|
|a 01
|
| 991 |
|
|
|b 200802
|c NOV
|
| 996 |
6 |
|
|b 2610333437
|c 3-1196.105
|l MZK
|r Sklad / do 1 hodiny
|n 5
|p p.v.
|w 000884736
|u 000010
|a 1
|e BOA001
|j MZK50
|s P
|
| 996 |
7 |
|
|b 2610333438
|c 3-1196.105
|l MZK
|r Sklad / do 1 hodiny
|n 11
|p p.v.
|w 000884736
|u 000020
|a 1
|e BOA001
|j MZK50
|s A
|
| 996 |
7 |
|
|b 2610342394
|c 3-1196.105
|l MZK
|r Sklad / do 1 hodiny
|n 6
|p kup
|w 000884736
|u 000030
|a 1
|e BOA001
|j MZK50
|s A
|
| 996 |
7 |
|
|b 2610342395
|c 3-1196.105
|l MZK
|r Sklad / do 1 hodiny
|n 13
|p kup
|w 000884736
|u 000040
|a 1
|e BOA001
|j MZK50
|s A
|